| 000 | 02120nam a22002897i 4500 | ||
|---|---|---|---|
| 003 | URS | ||
| 050 | 1 | 4 |
_aSD 404.25 _bAn224 2019 |
| 260 | _c2019 | ||
| 005 | 20240412231321.0 | ||
| 008 | 190403t2019 ||||| |||| 00| 0 eng d | ||
| 100 | 1 |
_aAndaya, Charmaine Ilinon, _eauthor |
|
| 245 | 1 | 0 |
_aSurvival of bare-rooted and balled white lauan (Shorea contorta Vidal) wildlings / _cCharmaine I. Andaya. |
| 300 |
_axii, 47 leaves : _billustrations (some colour) ; _c28 cm |
||
| 336 |
_2rdacontent _atext |
||
| 337 |
_2rdamedia _aunmediated |
||
| 338 |
_2rdacarier _avolume |
||
| 502 |
_aThesis _bBachelor of Science in Forestry _cUniversity of Rizal System Tanay _d2019 |
||
| 504 | _aIncludes bibliographical references. | ||
| 520 | _aABSTRACT This study entitled "Survival of Bare-rooted and Balled White Lauan (Shorea contorta Vidal) Wildlings" was conducted at URS Tanay from September 15 to November 15, 2018. The study used the experimental research method employing T-test. The experiment had a total of 120 sample wildlings, which were subjected to 2 treatments. Each treatment was consisted of 6 replications. The study was conducted to determine which has better response between bare-rooted and balled White Lauan (Shorea contorta Vidal) wildlings in terms of average number of new leaves developed, average height increased, average diameter of stem and survival rate. Based on the result of the study, there is no significant difference on the response in terms of average leaves developed, average height increase, average diameter of stem and survival rate of bare-rooted and balled White Lauan (Shorea contorta Vidal) wildlings. The researcher recommends using other dipterocarp species to further study the effects of balling and bare-rooting on wildlings. | ||
| 610 | 2 | 0 |
_aUniversity of Rizal System _bTanay Campus |
| 650 | 0 | _aDipterocarpaceae | |
| 650 | 0 |
_aTrees _xSeedlings, Bareroot |
|
| 653 | _aWhite lauan | ||
| 700 |
_aNavalta, Edwin S. _edegree supervisor |
||
| 856 |
_3Online Request for Student Unpublished Works _uhttps://forms.gle/7LqvGGkaDrUQqz429 |
||
| 942 |
_2lcc _cT |
||
| 999 |
_c73402 _d73401 |
||